3 największe miasta w każdym państwie-cz.2 - Statystyki

Ogólne statystyki
  • Ten quiz został rozwiązany 61 razy
  • Średni wynik to 20 z 67
Statystyki odpowiedzi
PAŃSTWA MIASTA LUDNOŚĆ % Poprawnych
Ankara 4 400 000
93%
Turcja Stambul 13 500 000
93%
Watykan Watykan 1 000
93%
Ukraina Kijow 3 000 000
91%
Włochy Rzym 2 600 000
88%
Węgry Budapeszt 1 750 000
84%
Charkow 1 400 000
84%
Wielka Brytania Londyn 8 800 000
84%
Neapol 960 000
81%
Tunezja Tunis 730 000
81%
Mediolan 1 200 000
79%
Urugwaj Montevideo 1 300 000
74%
Zjednoczone Emiraty Arabskie Dubaj 1 100 000
72%
Abu Zabi 600 000
70%
Birmingham 1 100 000
67%
Wenezuela Caracas 1 900 000
67%
Hanoi 2 300 000
65%
Odessa 1 000 000
65%
Uzbekistan Taszkent 2 000 000
49%
Turkmenistan Aszchabad 820 000
44%
Leeds 800 000
44%
Port of Spain 40 000
44%
Uganda Kampala 1 650 000
40%
Izmir 2 800 000
37%
Wietnam Ho Chi Minh 5 900 000
35%
Zambia Lusaka 1 700 000
35%
Debreczyn 200 000
33%
Wyspy Świętego Tomasza i Książęca Sao Tome 55 000
33%
Zimbabwe Harare 1 500 000
28%
Wybrzeże Kości Słoniowej Abidzan 4 700 000
26%
Vanuatu Port Vila 50 000
26%
Wyspy Marshalla Majuro 20 000
23%
Segedyn 160 000
23%
Wyspy Salomona Honiara 65 000
21%
Maracaibo 1 900 000
9%
Valencia 1 400 000
9%
Safakis 265 000
5%
Susa 170 000
5%
Szardza 540 000
5%
Da Nang 770 000
2%
Gizo 3 500
2%
Luganville 15 000
2%
Salto 100 000
2%
Turkmenabad 240 000
2%
Alapi 1 000
0%
Anidzan 320 000
0%
Auki 5 000
0%
Bouake 460 000
0%
Bulawayo 650 000
0%
Trynidad i Tobago Chaguanas 80 000
0%
Chitungwiza 350 000
0%
Ciudad de la Costa 100 000
0%
Daszoguz 200 000
0%
Ebeye 9 500
0%
Fakaifou 1 100
0%
Gulu 150 000
0%
Kira 180 000
0%
Kitwe 500 000
0%
Namangan 450 000
0%
Ndola 450 000
0%
Port Olry 3 000
0%
Rairok 6 400
0%
San Fernando 50 000
0%
San Pedro 420 000
0%
Santana 10 000
0%
Tuvalu Senala 1 200
0%
Trindade 15 000
0%
Nie znaleziono quizów pasujących do podanych kryteriów
Rozkład punktacji
Procent ludzi z każdym wynikiem
Percentyl według liczby udzielonych odpowiedzi
Twoja historia wyników
Nie rozwiązałeś tego quizu